MARC details
| 000 -LEADER |
| fixed length control field |
01665nac a22003971u 4500 |
| 003 - CONTROL NUMBER IDENTIFIER |
| control field |
EG-ScBUE |
| 005 - DATE AND TIME OF LATEST TRANSACTION |
| control field |
20210318110224.0 |
| 008 - FIXED-LENGTH DATA ELEMENTS--GENERAL INFORMATION |
| fixed length control field |
110523t2005 nyua f b 000 d eng d |
| 020 ## - INTERNATIONAL STANDARD BOOK NUMBER |
| International Standard Book Number |
9780553213027 |
| 020 ## - INTERNATIONAL STANDARD BOOK NUMBER |
| International Standard Book Number |
0553213024 |
| 040 ## - CATALOGING SOURCE |
| Original cataloging agency |
EG-ScBUE |
| Language of cataloging |
eng |
| Description conventions |
rda |
| Transcribing agency |
EG-ScBUE |
| Modifying agency |
EG-ScBUE |
| 082 04 - DEWEY DECIMAL CLASSIFICATION NUMBER |
| Classification number |
822.33 |
| Item number |
SHA |
| Edition number |
22 |
| 100 1# - MAIN ENTRY--PERSONAL NAME |
| Personal name |
Shakespeare, William, |
| Dates associated with a name |
1564-1616, |
| Relator term |
author. |
| 9 (RLIN) |
24038 |
| 245 10 - TITLE STATEMENT |
| Title |
Othello ; |
| Remainder of title |
The Moor of Venice / |
| Statement of responsibility, etc |
William Shakespeare ; edited by David Bevington and David Scott Kastan. |
| 264 #1 - PUBLICATION, DISTRIBUTION, ETC. (IMPRINT) |
| Place of publication, distribution, etc |
New York : |
| Name of publisher, distributor, etc |
Bantam Book, |
| Date of publication, distribution, etc |
[2005] |
| 264 #4 - PUBLICATION, DISTRIBUTION, ETC. (IMPRINT) |
| Date of publication, distribution, etc |
c2005 |
| 300 ## - PHYSICAL DESCRIPTION |
| Extent |
viii, 55 pages : |
| Other physical details |
illustrations ; |
| Dimensions |
20 cm. |
| 336 ## - CONTENT TYPE |
| Source |
rdacontent |
| Content type term |
text |
| Content type code |
txt |
| 337 ## - MEDIA TYPE |
| Source |
rdamedia |
| Media type term |
unmediated |
| Media type code |
n |
| 338 ## - CARRIER TYPE |
| Source |
rdacarrier |
| Carrier type term |
volume |
| Carrier type code |
nc |
| 490 0# - SERIES STATEMENT |
| Series statement |
Bantam classic |
| 500 ## - GENERAL NOTE |
| General note |
"Bantam edition with newly edited text and substantially revised, edited, and amplified notes, introductions, and other materials"--T.p. verso. |
| 504 ## - BIBLIOGRAPHY, ETC. NOTE |
| Bibliography, etc |
Includes bibliographical references. |
| 650 #7 - SUBJECT ADDED ENTRY--TOPICAL TERM |
| Topical term or geographic name as entry element |
Othello (Fictitious character) |
| Form subdivision |
Drama. |
| Source of heading or term |
BUEsh |
| 9 (RLIN) |
24039 |
| 650 #7 - SUBJECT ADDED ENTRY--TOPICAL TERM |
| Topical term or geographic name as entry element |
Interracial marriage |
| Form subdivision |
Drama. |
| Source of heading or term |
BUEsh |
| 9 (RLIN) |
24040 |
| 650 #7 - SUBJECT ADDED ENTRY--TOPICAL TERM |
| Topical term or geographic name as entry element |
Jealousy |
| Form subdivision |
Drama. |
| Source of heading or term |
BUEsh |
| 9 (RLIN) |
24041 |
| 650 #7 - SUBJECT ADDED ENTRY--TOPICAL TERM |
| Topical term or geographic name as entry element |
Muslims |
| General subdivision |
Drama. |
| Source of heading or term |
BUEsh |
| 9 (RLIN) |
24042 |
| 651 #7 - SUBJECT ADDED ENTRY--GEOGRAPHIC NAME |
| Geographic name |
Venice (Italy) |
| Source of heading or term |
BUEsh |
| 9 (RLIN) |
24043 |
| 653 ## - INDEX TERM--UNCONTROLLED |
| Resource For college |
Humanities: English |
| Arrived date list |
March2021 |
| 655 #7 - INDEX TERM--GENRE/FORM |
| Genre/form data or focus term |
Tragedies. |
| Form subdivision |
Reading book |
| 700 1# - ADDED ENTRY--PERSONAL NAME |
| Personal name |
Bevington, David, |
| Relator term |
editor. |
| 9 (RLIN) |
24037 |
| 700 1# - ADDED ENTRY--PERSONAL NAME |
| Personal name |
Kastan, David Scott |
| Relator term |
editor. |
| 856 42 - ELECTRONIC LOCATION AND ACCESS |
| Materials specified |
Contributor biographical information |
| Uniform Resource Identifier |
<a href="http://www.loc.gov/catdir/bios/random051/87023199.html">http://www.loc.gov/catdir/bios/random051/87023199.html</a> |
| 856 42 - ELECTRONIC LOCATION AND ACCESS |
| Materials specified |
Publisher description |
| Uniform Resource Identifier |
<a href="http://www.loc.gov/catdir/description/random049/87023199.html">http://www.loc.gov/catdir/description/random049/87023199.html</a> |
| 942 ## - ADDED ENTRY ELEMENTS (KOHA) |
| Koha item type |
Book - Borrowing |
| Call number prefix |
822.33 SHA |
| Source of classification or shelving scheme |
Dewey Decimal Classification |